|
|
|
|
| LEADER |
01156nam a2200241 a 4500 |
| 001 |
1351 |
| 008 |
130724s1977 bg 000 0 eng d |
| 010 |
|
|
|a 80069517
|
| 040 |
|
|
|a DLC
|c DLC
|d DLC
|d BD-DhAAL
|
| 082 |
0 |
0 |
|a 372.95492
|2 21
|
| 110 |
2 |
|
|a University of Dacca.
|b Institute of Education and Research.
|
| 245 |
0 |
0 |
|a Survey of primary schools and evaluation of primary school agriculture programme in Bangladesh :
|b a research report.
|
| 260 |
|
|
|a Dacca :
|b Institute of Education and Research, University of Dacca,
|c 1977.
|
| 300 |
|
|
|a v, 91, [110] p. ;
|c 25 cm.
|
| 500 |
|
|
|a Editor: Shamsul Haque.
|
| 505 |
0 |
|
|a pt. 1. Survey of primary schools in Bangladesh -- pt. 2. Evaluation of primary school agriculture programme in Bangladesh.
|
| 541 |
|
|
|e 1351
|
| 650 |
|
0 |
|a Education, Elementary
|z Bangladesh.
|
| 650 |
|
0 |
|a Agriculture
|x Study and teaching (Elementary)
|z Bangladesh.
|
| 700 |
1 |
|
|a Haque, Shamsul.
|
| 852 |
1 |
|
|a Ayesha Abed Library
|j General shelf.
|
| 999 |
|
|
|c 13728
|d 13728
|
| 952 |
|
|
|0 0
|1 0
|2 ddc
|4 0
|6 372_954920000000000_SUR
|7 0
|9 22973
|a BRACUL
|b BRACUL
|c GEN
|d 2013-07-27
|g 0.00
|l 0
|o 372.95492 SUR
|p 3010001351
|r 2013-07-27
|t 1
|w 2013-07-27
|y BK
|z Not price in Register
|